000 00571nam a2200229Ia 4500
003 OSt
005 20220928102139.0
006 a|||||r|||| 00| 0
007 ta
008 220927b |||||||| |||| 00| 0 eng d
024 _a62418
037 _cTextual
040 _aSDCL
_cSDCL
_beng
041 _2eng
_aeng
082 _aNQxK06, K4
100 _aWhite Christopher
_9396796
245 0 _aRembrandt
260 _aLondon
_bThames
_c1964
300 _a144p
_ccm.
942 _hNQxK06, K4
_cTEXL
_2CC
999 _c712557
_d712557